Score 0/15 Timer 05:00
1 Play Today
% Correct
Maggie Simpson
97.2%
Baby Smurf
97%
Pebbles Flintstone
96.4%
Baby Kermit
96.3%
Stewie Griffin
96.1%
Boss Baby
96%
Baby Bugs
92.8%
Tommy Pickles
89.9%
% Correct
Togepi
82.9%
Poof
82.8%
Ike Broflovski
80.4%
Kate Read
78.8%
Happy
74.1%
Sheldon
64.2%
'Dirtbike' Funnie
56.7%
Remove Ads.
Support Sporcle.
Get the best of Sporcle when you Go Orange. This ad-free experience offers more features, more stats, and more fun while also helping to support Sporcle. Thank you for becoming a member.

You're not logged in!

Compare scores with friends on all Sporcle quizzes.
OR
Log In

Show Comments

Extras

Top Quizzes Today


Score Distribution

Your Account Isn't Verified!

In order to create a playlist on Sporcle, you need to verify the email address you used during registration. Go to your Sporcle Settings to finish the process.

Report this User

Report this user for behavior that violates our Community Guidelines.

Details: